| 000 | 00801nam a2200241 u 4500 | ||
|---|---|---|---|
| 005 | 20260225064016.0 | ||
| 008 | 170504s2012 mx r 000 0 spa d | ||
| 020 | _a9786077588535 (Bonilla Artigas) | ||
| 020 | _a9786077771579 (UAEM) | ||
| 035 | _aUPN01000217504 | ||
| 049 | _aCG | ||
| 050 | 4 |
_aPC4434 _bA5.3 |
|
| 245 | 0 | 0 |
_aAnálisis del discurso : _bestrategias y propuestas de lectura / _ccoord. Irene Fenoglio Limón. |
| 260 |
_aMéxico : _bBonilla Artigas : _bUAEM, _c2012. |
||
| 300 | _a195 p. | ||
| 440 | 0 |
_aPública crítica ; _v4 |
|
| 650 | 4 |
_aESPAÑOL - _xANALISIS DEL DISCURSO _914371 |
|
| 650 | 4 |
_aLITERATURA - _xHISTORIA Y CRITICA - _vTEORIA, METODOS, ETC. _920410 |
|
| 650 | 4 |
_aRetórica _99822 |
|
| 700 | 1 |
_aFenoglio Limón, Irene, _ecoord. |
|
| 905 | _aLibro | ||
| 999 |
_c189604 _d189604 |
||